000 00553nam a22002297a 4500
003 UA-OsUOA
001 49362
007 ta
008 20071002b un ||||| |||| 00| 0 ukr d
100 _aБратунь Р.
090 _a82-01
_bБ87
942 _cBK
040 _aUA-OsUOA
_bukr
_cUA-OsUOA
_dUA-OsUOA
245 _aВатра
300 _a282 с.
955 _a3
041 _aukr
080 _a82-01
260 _aК.
_bДніпро
_c1966
650 7 _a82 Література. Літературознавство
_2UDC
999 _c335467
_d335467